Birds by Letter - S #2 - Statistics

General Stats
  • This quiz has been taken 38 times
  • The average score is 8 of 24
Answer Stats
Picture Answer % Correct
Sparrow
97%
Stork
97%
Swallow
91%
Swift
77%
Secretarybird
71%
Snipe
60%
Sandpiper
51%
Shoveler
49%
Skimmer
43%
Sapsucker
37%
Swamphen
34%
Scaup
31%
Sandgrouse
20%
Sheathbill
11%
Sugarbird
11%
Scythebill
9%
Sabrewing
6%
Seedeater
6%
Shrikethrush
6%
Spiderhunter
6%
Spindalis
6%
Spinebill
6%
Sibia
0%
Solitaire
0%
No matching quizzes found
Score Distribution
Percent of People with Each Score
Percentile by Number Answered
Your Score History
You have not taken this quiz